000 00330pam a2200157a 44500
008 230405s1992 xxu||||| |||| 00| 0 eng d
041 _aENG
100 _aNeill graham
245 _aLearning C
250 _a1
260 _a
_bMc graw hill
_c1992
300 _a314P,24Cm
440 _a506
690 _aIMRDA
906 _a1678
999 _c254537
_d254537